000 00460cam a22001217a 4500
008 180718b1987 xxu||||| |||| 00| 0 eng d
082 _aA81x54 In2/81/28/PT13A&B
100 _aCensus of India 1981
245 _aDelhi district census handbook: village and town directory, village and townwise primary census abstract
260 _aDelhi
_bController of Publications
_c1987
300 _a564+p.
440 _aCensus of India 1981. Series-28, Delhi. Parts XIII A & B
999 _c482509
_d482509